000 00478nam a22001937a 4500
003 MPLRDC
005 20220104123836.0
008 210129b ||||| |||| 00| 0 eng d
020 _a962-436-202-5
082 _a857.621 DJ-2 v.2
100 _a杜渐
245 _a思控机大阴谋
_c
250 _a一版一印
260 _a
_b聚贤馆文化有限公司
_c1993
300 _b
490 _a科幻小说. 2
650 _a科幻小说
942 _cBK
_o857.621 DJ-2 v.2
999 _c14624
_d14614